[Event "Auckland Trusts op 45th"]
[Site "Auckland"]
[Date "2023.06.04"]
[Round "4"]
[White "Mistry, Prashant"]
[Black "Tew, Yao Zen Markis"]
[Result "0-1"]
[WhiteElo "1769"]
[BlackElo "1686"]
[PlyCount "128"]
[EventDate "2023.06.03"]
[EventType "swiss"]
[EventRounds "6"]
[EventCountry "NZL"]
[SourceTitle "EXT 2024"]
[Source "ChessBase"]
[SourceDate "2023.10.10"]
[SourceVersion "1"]
[SourceVersionDate "2023.10.10"]
[SourceQuality "1"]

1. e4 c5 2. Nc3 Nc6 3. g3 g6 4. Bg2 Bg7 5. d3 e6 6. Be3 d6 7. Nge2 Nge7 8. Qd2 Nd4 9. Nc1 Rb8 10. Nd1 b5 11. c3 Ndc6 12. Bh6 0-0 13. h4 f6 14. Bxg7 Kxg7 15. h5 g5 16. h6+ Kh8 17. d4 cxd4 18. cxd4 e5 19. d5 Nd4 20. f3 a5 21. Nd3 b4 22. Ne3 Ba6 23. Kf2 Qb6 24. g4 Ng6 25. Kg3 Rfc8 26. Rhc1 Rxc1 27. Rxc1 Bxd3 28. Qxd3 Nf4 29. Qd2 Nfe2+ 30. Kh2 Nxc1 31. Qxc1 Qc5 32. Qxc5 dxc5 33. Kg3 Kg8 34. Bf1 a4 35. Kf2 Kf8 36. Bc4 b3 37. a3 Nc2 38. Bd3 Nxe3 39. Kxe3 Kf7 40. Kd2 c4 41. Bxc4 Ke7 42. Kc3 Kd6 43. Bd3 Kc5 44. Ba6 Rg8 45. Bb7 Rg6 46. Bc6 Rxh6 47. Bxa4 Rh3 48. Kxb3 Rxf3+ 49. Kc2 h5 50. gxh5 g4 51. Bd7 g3 52. Bh3 Rf2+ 53. Kc3 Rh2 54. b4+ Kb6 55. Bf1 g2 56. Bxg2 Rxg2 57. h6 Rg3+ 58. Kc4 Rxa3 59. h7 Rh3 60. b5 Rxh7 61. d6 Rd7 62. Kd5 Kxb5 63. Ke6 Kc6 64. Kxf6 Kxd6 0-1

[Event "George Trundle Masters"]
[Site "Auckland"]
[Date "2023.04.13"]
[Round "2"]
[White "Mistry, Prashant"]
[Black "Yu, Zachary"]
[Result "1/2-1/2"]
[WhiteElo "1799"]
[BlackElo "1801"]
[PlyCount "217"]
[EventDate "2023.04.12"]
[EventType "tourn"]
[EventRounds "9"]
[EventCountry "NZL"]
[SourceTitle "EXT 2024"]
[Source "ChessBase"]
[SourceDate "2023.10.10"]
[SourceVersion "1"]
[SourceVersionDate "2023.10.10"]
[SourceQuality "1"]

1. e4 c5 2. Nc3 Nc6 3. g3 g6 4. Bg2 Bg7 5. Nge2 d6 6. h3 e6 7. 0-0 Nge7 8. Nf4 0-0 9. d3 Rb8 10. h4 b5 11. h5 Nd4 12. Be3 Nec6 13. hxg6 hxg6 14. Rc1 Qa5 15. a3 Bd7 16. Nb1 b4 17. axb4 cxb4 18. c3 bxc3 19. bxc3 Nb3 20. Rc2 Qc7 21. Qe2 Rfc8 22. Na3 Nca5 23. d4 Nc4 24. Qxc4 Qxc4 25. Nxc4 Rxc4 26. Rb1 a5 27. Ne2 a4 28. Nc1 Rbc8 29. Nxb3 axb3 30. Rcb2 Rxc3 31. Rxb3 Rxb3 32. Rxb3 Kf8 33. Rb7 Ke8 34. Rb6 Ke7 35. Bg5+ f6 36. Bd2 Rc6 37. Rb7 Rc4 38. d5 Rc5 39. e5 Rb5 40. exd6+ Kxd6 41. Bb4+ Rxb4 42. Rxb4 exd5 43. Rb7 d4 44. Be4 f5 45. Bd3 Bf6 46. Rb6+ Ke7 47. Kf1 g5 48. Rb7 Kd6 49. f4 gxf4 50. gxf4 Bh4 51. Ke2 Bg3 52. Rb6+ Kc5 53. Rf6 Bxf4 54. Bxf5 Be5 55. Rf7 Bxf5 56. Rxf5 Kd6 57. Kd3 Ke6 58. Ke4 Bg3 59. Rf3 Be5 60. Rb3 Bc7 61. Kxd4 Kd6 62. Rb5 Kc6 63. Rc5+ Kd6 64. Rg5 Bb6+ 65. Kc4 Be3 66. Rd5+ Ke6 67. Ra5 Bd2 68. Ra2 Bf4 69. Kd3 Bg3 70. Ke4 Kd6 71. Ra3 Be1 72. Ra1 Bc3 73. Rc1 Bb2 74. Rc2 Bg7 75. Rg2 Ba1 76. Ra2 Bg7 77. Ra6+ Kc5 78. Rg6 Ba1 79. Rg8 Bf6 80. Rf8 Ba1 81. Rc8+ Kd6 82. Ra8 Bb2 83. Rd8+ Kc5 84. Rd5+ Kc6 85. Rd2 Bg7 86. Rg2 Bh8 87. Rg8 Ba1 88. Ra8 Bb2 89. Rc8+ Kd6 90. Rb8 Ba1 91. Rb1 Bg7 92. Rb6+ Kc5 93. Rg6 Ba1 94. Rg1 Bb2 95. Kd3 Bf6 96. Rg6 Bh8 97. Ke4 Ba1 98. Rh6 Bb2 99. Kd3 Ba1 100. Rh5+ Kd6 101. Ke4 Bb2 102. Rd5+ Kc6 103. Rd2 Bg7 104. Rg2 Ba1 105. Ra2 Bg7 106. Ra6+ Kc5 107. Ra5+ Kd6 108. Ra6+ Kc5 109. Ke3 1/2-1/2

[Event "Henderson Trusts op-A 43rd"]
[Site "Henderson"]
[Date "2021.06.07"]
[Round "5"]
[White "Fulo, Nunilon III"]
[Black "Mistry, Prashant"]
[Result "1-0"]
[WhiteElo "2019"]
[BlackElo "1833"]
[PlyCount "87"]
[EventDate "2021.06.05"]
[EventType "swiss"]
[EventRounds "6"]
[EventCountry "NZL"]
[SourceTitle "EXT 2024"]
[Source "ChessBase"]
[SourceDate "2023.10.10"]
[SourceVersion "1"]
[SourceVersionDate "2023.10.10"]
[SourceQuality "1"]

1. e4 c5 2. Nf3 Nc6 3. d4 cxd4 4. Nxd4 Nf6 5. Nc3 e5 6. Ndb5 d6 7. Bg5 a6 8. Bxf6 gxf6 9. Na3 Be6 10. Nd5 b5 11. c3 Bg7 12. Nc2 f5 13. exf5 Bxf5 14. Nce3 Bg6 15. a4 b4 16. Nxb4 Nxb4 17. cxb4 0-0 18. Bc4 e4 19. Qd2 a5 20. b5 Qf6 21. Rb1 Bh6 22. 0-0 Rac8 23. b3 Bh5 24. Nd5 Qg7 25. Qb2 Kh8 26. Qxg7+ Bxg7 27. Ne7 Rc5 28. Nc6 d5 29. Nxa5 dxc4 30. Nxc4 Be2 31. Rfd1 Bxc4 32. bxc4 Bc3 33. Rdc1 Ba5 34. Kf1 Rfc8 35. b6 Rb8 36. b7 Rc7 37. Rb5 Bd2 38. Rc2 Bh6 39. Rcb2 Bg7 40. Rb1 Rxc4 41. a5 Bd4 42. R5b4 Rxb4 43. Rxb4 Bc3 44. a6 1-0

[Event "NZL-ch op 128th"]
[Site "Palmerston North"]
[Date "2021.01.08"]
[Round "7"]
[White "Tang, Hao"]
[Black "Mistry, Prashant"]
[Result "1-0"]
[WhiteElo "1727"]
[BlackElo "1884"]
[PlyCount "87"]
[EventDate "2021.01.02"]
[EventType "swiss"]
[EventRounds "9"]
[EventCountry "NZL"]
[SourceTitle "CBM 200 Extra"]
[Source "ChessBase"]
[SourceDate "2021.03.31"]
[SourceVersion "1"]
[SourceVersionDate "2021.03.31"]
[SourceQuality "1"]

1. d4 d5 2. c4 e6 3. cxd5 exd5 4. Nf3 Nf6 5. Nc3 c6 6. Bg5 Nbd7 7. e3 Qb6 8. Qc2 Bb4 9. a3 Bxc3+ 10. bxc3 Ne4 11. Bd3 Nxg5 12. Nxg5 h6 13. Nf3 Nf6 14. 0-0 0-0 15. Ne5 c5 16. Rab1 Qd6 17. a4 c4 18. Be2 Nd7 19. f4 Re8 20. Rf3 Nf8 21. Rg3 Qf6 22. e4 Qxf4 23. Rf1 Qxe4 24. Rxf7 g5 25. Qxe4 dxe4 26. Bxc4 Be6 27. Bxe6 Rxe6 28. Rxb7 Ra6 29. h4 Nh7 30. hxg5 hxg5 31. Rh3 Nf8 32. Rh5 Rxa4 33. Rxg5+ Kh8 34. Rbg7 Ra1+ 35. Kf2 e3+ 36. Ke2 Ra2+ 37. Kxe3 Re8 38. Kd3 Rxe5 39. dxe5 Ne6 40. Rg8+ Kh7 41. Rg4 Ra5 42. Ke4 Nc5+ 43. Kf5 Nd3 44. Kf6 1-0

[Event "Auckland Stuart Memorial op"]
[Site "Auckland"]
[Date "2019.08.24"]
[Round "3"]
[White "Wright, Caleb"]
[Black "Mistry, Prashant"]
[Result "1/2-1/2"]
[WhiteElo "1858"]
[BlackElo "1901"]
[PlyCount "150"]
[EventDate "2019.08.24"]
[EventType "swiss"]
[EventRounds "5"]
[EventCountry "NZL"]
[SourceTitle "EXT 2023"]
[Source "ChessBase"]
[SourceDate "2022.10.05"]
[SourceVersion "1"]
[SourceVersionDate "2022.10.05"]
[SourceQuality "1"]

1. d4 e6 2. g3 d5 3. Bg2 c5 4. Nf3 Nc6 5. b3 cxd4 6. Nxd4 e5 7. Nxc6 bxc6 8. c4 Be6 9. 0-0 Qd7 10. Bb2 f6 11. cxd5 cxd5 12. Nc3 Rd8 13. Rc1 Bb4 14. Na4 Ne7 15. Nc5 Bxc5 16. Rxc5 0-0 17. Qc2 Rc8 18. Ba3 Rfe8 19. e3 e4 20. Rd1 Qb7 21. Bf1 Ng6 22. Qb1 Ne5 23. Be2 Nf3+ 24. Kg2 Rxc5 25. Bxc5 Qc8 26. Rc1 Bh3+ 27. Kh1 Qg4 28. Qb2 Qh5 29. Rg1 Bg4 30. Rg2 Ne1 31. Bxg4 Qxg4 32. Qd2 Nxg2 33. Qxd5+ Qe6 34. Qxe6+ Rxe6 35. Kxg2 a5 36. b4 axb4 37. Bxb4 Rc6 38. g4 Kf7 39. Kg3 g5 40. a3 Rc1 41. f3 exf3 42. Kxf3 Ke6 43. h3 Ke5 44. Be7 Kd5 45. Bb4 Rc6 46. Bd2 Ra6 47. Bb4 Ra7 48. Bf8 Rf7 49. Bb4 h5 50. gxh5 Rh7 51. Kg4 Ke4 52. Bc5 Rc7 53. Bd4 Rc1 54. Kg3 Kf5 55. a4 Rc8 56. a5 Ra8 57. Bb6 Rh8 58. a6 Rxh5 59. a7 Rh8 60. Bc7 Ra8 61. Bb8 Kg6 62. e4 Kh5 63. Kf3 Kh4 64. Kg2 Kh5 65. Kg3 Kh6 66. Kg4 Kg6 67. h4 gxh4 68. Kxh4 f5 69. e5 Kh6 70. Kg3 Kg5 71. Kf3 f4 72. Ke4 f3 73. Kxf3 Kf5 74. Ke3 Rxa7 75. Bxa7 Kxe5 1/2-1/2

[Event "Henderson Trusts op 42nd"]
[Site "Henderson"]
[Date "2019.06.02"]
[Round "2"]
[White "Thornton, Giovanni Antonio"]
[Black "Mistry, Prashant"]
[Result "1/2-1/2"]
[WhiteElo "2083"]
[BlackElo "1896"]
[PlyCount "63"]
[EventDate "2019.06.01"]
[EventType "swiss"]
[EventRounds "6"]
[EventCountry "NZL"]
[SourceTitle "EXT 2020"]
[Source "ChessBase"]
[SourceDate "2019.10.17"]
[SourceVersion "1"]
[SourceVersionDate "2019.10.17"]
[SourceQuality "1"]

1. d4 d5 2. c4 e6 3. Nf3 Nf6 4. Nc3 Bb4 5. Bg5 0-0 6. e3 Nbd7 7. a3 Bxc3+ 8. bxc3 h6 9. Bh4 c5 10. cxd5 exd5 11. Bd3 Qa5 12. Qd2 g5 13. Bg3 Ne4 14. Bxe4 dxe4 15. Ne5 Nb6 16. 0-0 Bf5 17. f3 f6 18. fxe4 Bxe4 19. Ng4 Kg7 20. Bd6 Rf7 21. Bxc5 Nc4 22. Qc1 b6 23. Rxf6 Rxf6 24. Nxf6 Kxf6 25. Qf1+ Kg7 26. Qxc4 bxc5 27. dxc5 Re8 28. Qd4+ Kg8 29. Qc4+ Kg7 30. Qd4+ Kg8 31. Qc4+ Kg7 32. Qd4+ 1/2-1/2

[Event "Auckland North Shore op 45th"]
[Site "Auckland"]
[Date "2018.08.25"]
[Round "2"]
[White "Punsalan, Vyanla M"]
[Black "Mistry, Prashant"]
[Result "1-0"]
[WhiteElo "1914"]
[BlackElo "1929"]
[PlyCount "71"]
[EventDate "2018.08.25"]
[EventType "swiss"]
[EventRounds "5"]
[EventCountry "NZL"]
[SourceTitle "EXT 2021"]
[Source "ChessBase"]
[SourceDate "2020.10.23"]
[SourceVersion "1"]
[SourceVersionDate "2020.10.23"]
[SourceQuality "1"]

1. e4 e5 2. Nf3 Nc6 3. c3 Nf6 4. Qc2 d6 5. d3 Be7 6. Be2 0-0 7. Nbd2 d5 8. 0-0 a5 9. Rd1 Bc5 10. Nf1 dxe4 11. dxe4 Qe7 12. Be3 Ng4 13. Bxc5 Qxc5 14. Bd3 Be6 15. h3 Nf6 16. Ne3 b5 17. Nd5 Bxd5 18. exd5 Ne7 19. Re1 e4 20. Bxe4 Nexd5 21. Bxd5 Nxd5 22. Qf5 Qd6 23. Rad1 c6 24. Rd4 g6 25. Qg5 Rae8 26. Red1 Qe7 27. Qh6 f6 28. Nh4 Qg7 29. Qc1 f5 30. c4 Nf6 31. Rd6 bxc4 32. Qxc4+ Kh8 33. Qxc6 Ne4 34. Rd7 Qxb2 35. Rxh7+ Kxh7 36. Rd7+ 1-0

[Event "Waikato op"]
[Site "Hamilton"]
[Date "2018.07.28"]
[Round "4"]
[White "Mistry, Prashant"]
[Black "Wright, Caleb"]
[Result "1-0"]
[WhiteElo "1961"]
[BlackElo "1884"]
[PlyCount "39"]
[EventDate "2018.07.27"]
[EventType "swiss"]
[EventRounds "6"]
[EventCountry "NZL"]
[SourceTitle "CBM 186 Extra"]
[Source "ChessBase"]
[SourceDate "2018.08.24"]
[SourceVersion "1"]
[SourceVersionDate "2018.08.24"]
[SourceQuality "1"]

1. e4 c5 2. Nc3 Nc6 3. g3 d6 4. Bg2 Nf6 5. h3 g6 6. Nge2 Bg7 7. 0-0 Bd7 8. d3 Rb8 9. Be3 b5 10. Qd2 h5 11. d4 cxd4 12. Nxd4 a6 13. Nxc6 Bxc6 14. e5 Bxg2 15. exf6 Bxf1 16. fxg7 Rg8 17. Rxf1 Rxg7 18. Nd5 Qc8 19. Bh6 Rh7 20. Re1 1-0

[Event "Auckland Trusts op 41st"]
[Site "Auckland"]
[Date "2018.06.02"]
[Round "1"]
[White "Thornton, Giovanni Antonio"]
[Black "Mistry, Prashant"]
[Result "1/2-1/2"]
[WhiteElo "2263"]
[BlackElo "1944"]
[PlyCount "168"]
[EventDate "2018.06.02"]
[EventType "swiss"]
[EventRounds "6"]
[EventCountry "NZL"]
[SourceTitle "EXT 2019"]
[Source "ChessBase"]
[SourceDate "2018.10.10"]
[SourceVersion "1"]
[SourceVersionDate "2018.10.10"]
[SourceQuality "1"]

1. c4 c5 2. Nc3 Nc6 3. g3 Nf6 4. Bg2 e6 5. e4 d6 6. Nge2 Be7 7. d4 e5 8. dxe5 dxe5 9. Nd5 Nxd5 10. exd5 Nb8 11. 0-0 0-0 12. Be3 Na6 13. Qd2 Bd6 14. a3 Nc7 15. b4 b6 16. Rab1 Bf5 17. Rb2 Rb8 18. Nc3 cxb4 19. axb4 Na6 20. Nb5 Rc8 21. Ra1 Nb8 22. Nxd6 Qxd6 23. c5 Qc7 24. Rba2 a6 25. cxb6 Qd7 26. Bc5 Rfd8 27. Qe3 e4 28. Rd2 Re8 29. Rd4 Re5 30. Rad1 Rce8 31. R1d2 Bg6 32. h3 h5 33. Rd1 f6 34. R4d2 Bf7 35. Bf1 Kh7 36. Kh2 Rd8 37. Bc4 Qf5 38. Qf4 g5 39. Qxf5+ Rxf5 40. Ba2 Kg6 41. d6 Nd7 42. Bxf7+ Kxf7 43. Ra2 Nxc5 44. bxc5 Rxc5 45. Rxa6 Ke6 46. b7 Rb5 47. Ra8 Kd7 48. Ra7 Rb8 49. g4 hxg4 50. hxg4 R8xb7 51. Rxb7+ Rxb7 52. Rd4 Rb2 53. Kg3 Rb3+ 54. Kg2 e3 55. fxe3 Rxe3 56. Kf2 Re6 57. Kf3 Rxd6 58. Ra4 Re6 59. Ra7+ Kd6 60. Rf7 Ke5 61. Rf8 Ra6 62. Re8+ Kd6 63. Re3 Ra4 64. Rd3+ Ke6 65. Rb3 Rf4+ 66. Kg3 Rf1 67. Ra3 Rb1 68. Rc3 Rd1 69. Ra3 Ke5 70. Re3+ Kd4 71. Re8 Rd3+ 72. Kf2 Kc5 73. Re6 Rd6 74. Re8 Kd5 75. Kf3 Ra6 76. Re3 Rc6 77. Re8 Rc3+ 78. Kf2 Rc4 79. Kf3 Rf4+ 80. Kg3 Re4 81. Rd8+ Ke5 82. Kf3 Rf4+ 83. Kg3 Rd4 84. Re8+ Kd5 1/2-1/2

[Event "Auckland North Shore op 44th"]
[Site "Auckland"]
[Date "2017.08.26"]
[Round "1"]
[White "Qin, Nicole Shu Yu"]
[Black "Mistry, Prashant"]
[Result "0-1"]
[WhiteElo "1551"]
[BlackElo "2006"]
[PlyCount "70"]
[EventDate "2017.08.26"]
[EventType "swiss"]
[EventRounds "5"]
[EventCountry "NZL"]
[SourceTitle "CBM 180 Extra"]
[Source "ChessBase"]
[SourceDate "2017.10.06"]
[SourceVersion "1"]
[SourceVersionDate "2017.10.06"]
[SourceQuality "1"]

1. d4 d5 2. c4 e6 3. Nc3 Nf6 4. cxd5 exd5 5. Bg5 Be7 6. e3 c6 7. Bd3 Nbd7 8. Nf3 Ne4 9. Bxe7 Qxe7 10. Qc2 f5 11. 0-0 0-0 12. Rae1 Rf6 13. Nd2 Nb6 14. f3 Nxd2 15. Qxd2 Bd7 16. e4 Qb4 17. Be2 dxe4 18. fxe4 Na4 19. a3 Qb3 20. Rf3 Nxc3 21. Rxc3 Qb6 22. Bc4+ Be6 23. Rb3 Qc7 24. d5 b5 25. Bxb5 cxd5 26. exd5 Qc5+ 27. Kh1 Bxd5 28. Rc1 Qd6 29. Rg3 Be4 30. Bc4+ Kh8 31. Qe2 Rd8 32. Bd3 Rh6 33. Kg1 f4 34. Bxe4 fxg3 35. h3 Qd4+ 0-1

[Event "Hamilton Waikato op"]
[Site "Hamilton"]
[Date "2017.08.11"]
[Round "1"]
[White "Mistry, Prashant"]
[Black "Seabrook, Roy"]
[Result "0-1"]
[WhiteElo "2006"]
[BlackElo "1814"]
[PlyCount "134"]
[EventDate "2017.08.11"]
[EventType "swiss"]
[EventRounds "6"]
[EventCountry "NZL"]
[SourceTitle "CBM 180 Extra"]
[Source "ChessBase"]
[SourceDate "2017.10.06"]
[SourceVersion "1"]
[SourceVersionDate "2017.10.06"]
[SourceQuality "1"]

1. e4 Nc6 2. Nf3 d6 3. d4 g6 4. Bc4 Bg7 5. c3 Nf6 6. Qe2 0-0 7. Bb3 Bg4 8. h3 Bxf3 9. Qxf3 e5 10. d5 Ne7 11. g4 c6 12. c4 cxd5 13. cxd5 Rc8 14. Nc3 a6 15. h4 Qd7 16. Bg5 Ne8 17. Na4 Qd8 18. Nb6 Rc5 19. Na4 Rb5 20. 0-0 f6 21. Bd2 f5 22. Bc4 fxe4 23. Qxe4 Nf6 24. Qg2 Nfxd5 25. Nc3 Rxb2 26. Bg5 Bf6 27. Bxf6 Rxf6 28. Bxd5+ Kg7 29. Rad1 Qa5 30. Qg3 Rf4 31. Bb3 Qb4 32. f3 Qxc3 33. Qe1 Qxe1 34. Rdxe1 Rd2 35. Re4 Rd4 36. Rxf4 Rxf4 37. Rd1 Rd4 38. Rxd4 exd4 39. Kf2 Kf6 40. f4 h6 41. Ke2 g5 42. fxg5+ hxg5 43. h5 b6 44. Kd3 Nc6 45. Bd1 Nb4+ 46. Kxd4 Nxa2 47. Be2 b5 48. Bd3 Kg7 49. Bf5 Nb4 50. Bd7 Kf6 51. Be8 Ke7 52. h6 Kf6 53. Ke4 d5+ 54. Kd4 Nc2+ 55. Kd3 Na3 56. Kd4 b4 57. Ba4 Kg6 58. Kxd5 Kxh6 59. Kc5 a5 60. Kb6 Nc4+ 61. Kb5 Nd2 62. Kxa5 b3 63. Kb4 b2 64. Bc2 b1Q+ 65. Bxb1 Nxb1 66. Kc4 Kg6 67. Kd4 Kf6 0-1

[Event "Hamilton Waikato op"]
[Site "Hamilton"]
[Date "2016.07.30"]
[Round "2"]
[White "Mistry, Prashant"]
[Black "Hothersall, Rik"]
[Result "1-0"]
[WhiteElo "2012"]
[BlackElo "1899"]
[PlyCount "103"]
[EventDate "2016.07.29"]
[EventType "swiss"]
[EventRounds "6"]
[EventCountry "NZL"]
[SourceTitle "EXT 2018"]
[Source "ChessBase"]
[SourceDate "2017.10.13"]
[SourceVersion "1"]
[SourceVersionDate "2017.10.13"]
[SourceQuality "1"]

1. e4 c5 2. Nf3 Nc6 3. d4 cxd4 4. Nxd4 e5 5. Nb5 a6 6. Nd6+ Bxd6 7. Qxd6 Qf6 8. Qd2 Qg6 9. Nc3 Nge7 10. f3 0-0 11. Nd5 b5 12. a4 Rb8 13. axb5 axb5 14. Nxe7+ Nxe7 15. Ra5 Qc6 16. c4 bxc4 17. Rxe5 Re8 18. Qc3 Ba6 19. Be2 d5 20. 0-0 f6 21. exd5 Nxd5 22. Rxe8+ Rxe8 23. Qc2 Qc5+ 24. Kh1 Nb4 25. Qd2 Qe7 26. Rg1 Na2 27. Bf1 Qe6 28. Qc2 Nxc1 29. Qxc1 Rc8 30. Qc2 Bb7 31. Be2 Bd5 32. Rd1 Re8 33. Bf1 g6 34. h3 Kg7 35. Qd2 Bc6 36. Qb4 Bd5 37. Qc5 Bxf3 38. gxf3 Rc8 39. Qa7+ Kh6 40. Rd7 Rh8 41. Re7 Qd5 42. Qe3+ g5 43. Qc3 Qd6 44. Re4 Ra8 45. Rxc4 Ra1 46. Kg2 Rd1 47. Be2 Rd2 48. Kf1 Qd7 49. Qxf6+ Kh5 50. f4+ Kh4 51. Qxg5+ Kxh3 52. Rc3+ 1-0

[Event "Oceania zt"]
[Site "Auckland"]
[Date "2005.02.03"]
[Round "7"]
[White "Goffin, Peter B"]
[Black "Mistry, Prashant"]
[Result "0-1"]
[WhiteElo "2154"]
[BlackElo "2017"]
[PlyCount "40"]
[EventDate "2005.01.30"]
[EventType "swiss"]
[EventRounds "9"]
[EventCountry "NZL"]
[SourceTitle "CBM 104 Extra"]
[Source "ChessBase"]
[SourceDate "2005.03.01"]
[SourceVersion "1"]
[SourceVersionDate "2005.03.01"]
[SourceQuality "1"]

1. d3 d5 2. Nf3 Bf5 3. g3 Nc6 4. Bg2 e5 5. c3 Qd7 6. Qa4 Rd8 7. b4 e4 8. b5 exf3 9. bxc6 fxg2 10. cxd7+ Bxd7 11. Qxd7+ Kxd7 12. Rg1 g6 13. Bd2 h5 14. Rxg2 h4 15. Rg1 Re8 16. a4 hxg3 17. hxg3 Bc5 18. Na3 Nf6 19. Nc2 Bxf2+ 20. Kxf2 Rh2+ 0-1

[Event "Oceania zt"]
[Site "Auckland"]
[Date "2005.02.03"]
[Round "8"]
[White "Ker, Anthony F"]
[Black "Mistry, Prashant"]
[Result "1-0"]
[WhiteElo "2327"]
[BlackElo "2017"]
[PlyCount "63"]
[EventDate "2005.01.30"]
[EventType "swiss"]
[EventRounds "9"]
[EventCountry "NZL"]
[SourceTitle "CBM 104 Extra"]
[Source "ChessBase"]
[SourceDate "2005.03.01"]
[SourceVersion "1"]
[SourceVersionDate "2005.03.01"]
[SourceQuality "1"]

1. d4 d6 2. e4 Nf6 3. Nc3 g6 4. Bg5 c6 5. f4 Qa5 6. Qd2 Nbd7 7. Nf3 Nh5 8. Bd3 Ndf6 9. 0-0 Bg4 10. e5 Bxf3 11. Rxf3 Nd5 12. exd6 Qb4 13. dxe7 Bg7 14. Rd1 Bxd4+ 15. Kh1 Bxc3 16. bxc3 Qxc3 17. Qf2 h6 18. Bxg6 Qg7 19. Bxh5 hxg5 20. g4 gxf4 21. c4 Nxe7 22. Re1 Kf8 23. Rxf4 Ng6 24. Rf6 Kg8 25. Bxg6 fxg6 26. Ree6 Rf8 27. Rxf8+ Qxf8 28. Rxg6+ Kh7 29. Rf6 Qc8 30. Qh4+ Kg7 31. Qg5+ Kh7 32. Rf7# 1-0

[Event "Oceania zt"]
[Site "Auckland"]
[Date "2005.02.02"]
[Round "6"]
[White "Mistry, Prashant"]
[Black "Jones, Lee"]
[Result "1/2-1/2"]
[WhiteElo "2017"]
[BlackElo "2199"]
[PlyCount "97"]
[EventDate "2005.01.30"]
[EventType "swiss"]
[EventRounds "9"]
[EventCountry "NZL"]
[SourceTitle "CBM 104 Extra"]
[Source "ChessBase"]
[SourceDate "2005.03.01"]
[SourceVersion "1"]
[SourceVersionDate "2005.03.01"]
[SourceQuality "1"]

1. d4 Nf6 2. Nc3 d5 3. Bg5 Nbd7 4. Nf3 h6 5. Bf4 c6 6. h3 g5 7. Bh2 Bg7 8. e3 Nf8 9. Bd3 Be6 10. g4 Qc8 11. Na4 h5 12. Nxg5 hxg4 13. Nxe6 Qxe6 14. Nc5 Qc8 15. Qe2 Rxh3 16. 0-0-0 Ne6 17. Be5 Nxc5 18. dxc5 Rxh1 19. Rxh1 Qe6 20. Bd4 0-0-0 21. c3 Rg8 22. Rg1 Kd8 23. f3 Bh6 24. Rg3 Kc7 25. fxg4 Rxg4 26. Qf3 Rxg3 27. Qxg3+ Kc8 28. Bf1 Ng4 29. Kd2 f5 30. Bd3 Qf7 31. Qh3 e6 32. Ke2 Kd7 33. Qg3 Kc8 34. Qh3 Qc7 35. c4 Qh2+ 36. Qxh2 Nxh2 37. cxd5 cxd5 38. b4 Ng4 39. b5 Kc7 40. a4 e5 41. b6+ axb6 42. cxb6+ Kd6 43. Bxf5 exd4 44. Bxg4 dxe3 45. Bf3 Kc5 46. a5 Kb5 47. Bxd5 Kxa5 48. Bxb7 Kxb6 49. Be4 1/2-1/2